TV digital e integracin̤ ¿TV para todos? /

Detalles Bibliográficos
Otros Autores: Přez-Ugena, aÌ‚Alvaro (coord), Utray Delgado, Francisco (coord)
Formato: Desconocido
Lenguaje:español
Publicado: [Madrid] : Dykinson, 2005
Materias:
Acceso en línea:Acceso restringido

MARC

LEADER 00000ny a22000003n 4500
005 20110524104023.0
008 080708s2005 sp s 000 0 spa c
020 |a 8497727428 
035 |a 1409 
040 |a UMA.RE  |d vLex 
080 |a 364.65-056.26:621.397.13(0.034) 
080 |a 621.397.13:364.65-056.26(0.034) 
090 |c 189  |d 189 
245 0 0 |a TV digital e integracin̤  |h [Recurso electrn̤ico]  |b ¿TV para todos? /  |c ℓlvaro Přez-Ugena y Coromina, Francisco Utray Delgado (Coordinadores) 
256 |a Servicio en ln̕ea 
260 |a [Madrid] :  |b Dykinson,  |c 2005 
506 1 |a Contenido solo disponible en los productos indicados  |d vLex Global  |d vLex Global (Academic Edition, excluding Law Schools)  |d vLex Global (U.S. Academic Edition, Law Schools)  |d vLex Global (U.S. Academic Edition, excluding Law Schools)  |d vLex Global (Academic Edition, Law Schools) 
650 0 7 |2 Tesauro vLex  |a Telecomunicaciones 
650 0 7 |2 Tesauro vLex  |a Televisin̤ digital 
650 0 7 |2 Tesauro vLex  |a Radiodifusin̤ y televisin̤ 
700 1 |a Přez-Ugena, aÌ‚Alvaro,  |e coord 
700 1 |a Utray Delgado, Francisco,  |e coord 
740 0 |a vLex Libros (Servicios en ln̕ea) 
856 4 0 |z Acceso restringido  |u http://vlex.com/source/tv-digital-1409 
942 |c BOOK 
999 0 |a Telecommunication)  |b Madrid